| 000 | 01153 a2200229 4500 | ||
|---|---|---|---|
| 003 | Nust | ||
| 005 | 20230711083251.0 | ||
| 010 | _a 83019623 | ||
| 020 | _a0803921756 | ||
| 040 | _cNust | ||
| 082 | 0 | 0 | _a519.5,CHA |
| 100 | 1 |
_aDunteman, George H. _9113499 |
|
| 245 | 1 | 0 |
_aIntroduction to linear models / _cGeorge H. Dunteman. |
| 260 |
_aBeverly Hills : _bSage Publications, _cc1984. |
||
| 300 |
_a357 p. : _bill. ; _c24 cm. |
||
| 505 | _aIntroduction (Page-9), Basic Statistical Concepts (Page-11), Matrix Algebra (Page-77), Multiple Regression Analysis (Page-129), Linear Regression with one Categorical Independent (Page-191), Linear Regressions with two Categorical Independent Variables (Page-223), Regression Models with Interaction (Page-259), Analysis of Covariance (Page-303), Analysis Considerations and Model Extension (Page-327). | ||
| 650 | 0 |
_aLinear models (Statistics) _911036 |
|
| 650 | 0 | _aRegression analysis. | |
| 856 | 4 | 2 |
_3Publisher description _uhttp://www.loc.gov/catdir/enhancements/fy0654/83019623-d.html |
| 856 | 4 | 2 |
_3Table of contents only _uhttp://www.loc.gov/catdir/enhancements/fy0654/83019623-t.html |
| 942 |
_2ddc _cBK |
||
| 999 |
_c181391 _d181391 |
||